Solutions manual for use with corporate finance
Wedi'i Gadw mewn:
| Prif Awduron: | , , |
|---|---|
| Fformat: | Llyfr |
| Iaith: | Saesneg |
| Cyhoeddwyd: |
Boston, USA
McGraw-Hill
2005
|
| Rhifyn: | 7th edition |
| Pynciau: | |
| Mynediad Ar-lein: | Disponible Online |
| Tagiau: |
Ychwanegu Tag
Dim Tagiau, Byddwch y cyntaf i dagio'r cofnod hwn!
|
MARC
| LEADER | 00000nam a2200000 a 4500 | ||
|---|---|---|---|
| 001 | UCJ2801 | ||
| 003 | CL-VaPUC | ||
| 005 | 20210723001320.0 | ||
| 008 | 070119e20050000US |||||||||||||||||eng|d | ||
| 999 | |c 318931 |d 318929 | ||
| 020 | |a 007287192X | ||
| 040 | |c Pontificia Universidad Católica de Valparaíso | ||
| 082 | 0 | 4 | |a 332.6 |b ROS |2 21 |
| 100 | 0 | |a Ross, Stephen A |e author |9 503779 | |
| 245 | 1 | 0 | |a Solutions manual for use with corporate finance |
| 250 | |a 7th edition | ||
| 260 | |a Boston, USA |b McGraw-Hill |c 2005 | ||
| 300 | |a 507 páginas | ||
| 583 | |a last modification |c 20070119 00:00:00 |k Rodrigo Vera | ||
| 650 | 0 | |a Proyectos de inversión |9 261065 | |
| 650 | 0 | |a Planificación estratégica |9 259735 | |
| 650 | 0 | |a Capital |9 263726 | |
| 650 | 0 | |a Toma de decisiones |9 257530 | |
| 650 | 0 | |a Impuestos |9 255450 | |
| 650 | 0 | |a Mercado de capitales |9 330596 | |
| 700 | 0 | |a Westerfield, Randolph W |e author |9 503780 | |
| 700 | 0 | |a Jaffe, Jeffrey |e author |9 503781 | |
| 856 | |u http://bibliografiadigital.pucv.cl.pucv.idm.oclc.org/index.php/bibliotecapucv/catalog/book/595 |y Disponible Online | ||
| 942 | |c BK |2 ddc | ||
| 945 | |d 20070119 00:00:00 |a cmena | ||
| 952 | |0 0 |1 0 |2 ddc |4 0 |6 332_600000000000000_ROS_2005 |7 0 |8 A |9 397147 |a BIBING |b BIBING |c RES |d 2019-11-22 |i 4313674 |o 332.6 ROS 2005 |p 4313674 |r 2025-01-20 |w 2019-11-22 |y BK |k EII | ||